Linkages between political parties and Panchayati Raj Institution in Bihar (Record no. 87268)

000 -LEADER
fixed length control field 01187pab a2200193 454500
008 - FIXED-LENGTH DATA ELEMENTS--GENERAL INFORMATION
fixed length control field 180718b2010 xxu||||| |||| 00| 0 eng d
100 ## - MAIN ENTRY--PERSONAL NAME
Personal name Verma, Ravindra Kumar
245 ## - TITLE STATEMENT
Title Linkages between political parties and Panchayati Raj Institution in Bihar
260 ## - PUBLICATION, DISTRIBUTION, ETC.
Date of publication, distribution, etc. 2010
300 ## - PHYSICAL DESCRIPTION
Extent p.223-31.
362 ## - DATES OF PUBLICATION AND/OR SEQUENTIAL DESIGNATION
Dates of publication and/or sequential designation Jan-Mar
520 ## - SUMMARY, ETC.
Summary, etc. Whether in practice or not in a particular state, political parties become interested in panchayati raj institutions (PRIs) in order to intonate them as mobilizing force in Assembly and Parliamentary elections on one hand and the panchayat leaders become inclined to enable themselves to render services and help to their constituents in shape of handling bureaucratic procedures and in redressal of their grievances through using the network of political parties on the other. The present paper deals with the latent and manifested modes of involvement of political parties in Bihar and goes to assess the legitimacy of their involvement. - Reproduced.
650 ## - SUBJECT ADDED ENTRY--TOPICAL TERM
Topical term or geographic name entry element Political parties - India - Bihar
650 ## - SUBJECT ADDED ENTRY--TOPICAL TERM
Topical term or geographic name entry element Panchayat - India - Bihar
650 ## - SUBJECT ADDED ENTRY--TOPICAL TERM
Topical term or geographic name entry element Panchayat
773 ## - HOST ITEM ENTRY
Main entry heading Indian Journal of Political Science
908 ## - PUT COMMAND PARAMETER (RLIN)
Put command parameter N
909 ## -
-- 87268
Holdings
Withdrawn status Lost status Damaged status Not for loan Permanent Location Current Location Date acquired Serial Enumeration / chronology Barcode Date last seen Price effective from Koha item type
        Indian Institute of Public Administration Indian Institute of Public Administration 2018-07-19 Volume no: 71, Issue no: 1 AR87728 2018-07-19 2018-07-19 Articles

Powered by Koha